Las notificaciones en el derecho tributario (Registro nro. 159140)
[ vista simple ]
| 000 -LEADER | |
|---|---|
| fixed length control field | 01120ny a22002773n 4500 |
| 008 - FIXED-LENGTH DATA ELEMENTS--GENERAL INFORMATION | |
| fixed length control field | 030204s2006 sp 001 0 spa c |
| 020 ## - INTERNATIONAL STANDARD BOOK NUMBER | |
| International Standard Book Number | 9788484940531 |
| 035 ## - | |
| -- | 1314 |
| 040 ## - CATALOGING SOURCE | |
| Original cataloging agency | SpMaUCDE |
| Modifying agency | vLex |
| 080 ## - | |
| -- | 336.2:346.92(460) |
| 090 ## - | |
| -- | 618 |
| -- | 618 |
| 100 1# - MAIN ENTRY--PERSONAL NAME | |
| Personal name | García Calvente, Yolanda |
| 245 14 - TITLE STATEMENT | |
| Title | Las notificaciones en el derecho tributario |
| Medium | [Recurso electrónico] |
| Statement of responsibility, etc | Yolanda García Calvente |
| 256 ## - | |
| -- | Servicio en línea |
| 260 ## - PUBLICATION, DISTRIBUTION, ETC. (IMPRINT) | |
| Place of publication, distribution, etc | Madrid : |
| Name of publisher, distributor, etc | EDERSA, |
| Date of publication, distribution, etc | 2006 |
| 300 ## - PHYSICAL DESCRIPTION | |
| Extent | p. ; |
| Dimensions | cm. |
| 506 1# - RESTRICTIONS ON ACCESS NOTE | |
| Terms governing access | Contenido solo disponible en los productos indicados |
| Authorized users | vLex Global |
| -- | vLex Global (Academic Edition, excluding Law Schools) |
| -- | vLex Global (U.S. Academic Edition, Law Schools) |
| -- | vLex Global (U.S. Academic Edition, excluding Law Schools) |
| -- | vLex Global (Academic Edition, Law Schools) |
| 650 07 - SUBJECT ADDED ENTRY--TOPICAL TERM | |
| Topical term or geographic name as entry element | Notificación |
| Source of heading or term | Tesauro vLex |
| 650 07 - SUBJECT ADDED ENTRY--TOPICAL TERM | |
| Topical term or geographic name as entry element | Procesal |
| Source of heading or term | Tesauro vLex |
| 650 07 - SUBJECT ADDED ENTRY--TOPICAL TERM | |
| Topical term or geographic name as entry element | Tributario |
| Source of heading or term | Tesauro vLex |
| 650 07 - SUBJECT ADDED ENTRY--TOPICAL TERM | |
| Topical term or geographic name as entry element | Derecho tributario |
| Source of heading or term | Tesauro vLex |
| 740 0# - | |
| -- | vLex Libros (Servicios en línea) |
| 856 40 - LOCALIZACIÓN Y ACCESO ELECTRÓNICO | |
| Identificador Uniforme del Recurso (URI/URL) | https://app.vlex.com/#/sources/1314 |
| 942 ## - | |
| -- | RAA |
| 999 ## - | |
| -- | 159140 |
| -- | 159140 |
No hay ítems disponibles.